Investicionnyje rešenija v uslovijach rynka.
Riziko a podnikové financie v podmienkach trhového hospodárstva. Meranie rizika štatistickou a expertnou metódou. Závislosť odhadu rizika pri investičnom a finančnom rozhodovaní od daností vedúceho pracovníka. Možnosti minimalizácie rizika. Metódy zisťovania rizika pri investovaní. Výpočet času návr...
Na minha lista:
| Autor principal: | |
|---|---|
| Formato: | Capítulo de Livro |
| Idioma: | russo |
| Assuntos: | |
| Tags: |
Sem tags, seja o primeiro a adicionar uma tag!
|
MARC
| LEADER | 00000naa a2200000 4500 | ||
|---|---|---|---|
| 001 | r012452 | ||
| 005 | 20221130112848.7 | ||
| 041 | 0 | |a rus | |
| 044 | |a RU | ||
| 245 | 1 | 0 | |a Investicionnyje rešenija v uslovijach rynka. |c M.A. Fedotova |
| 520 | |a Riziko a podnikové financie v podmienkach trhového hospodárstva. Meranie rizika štatistickou a expertnou metódou. Závislosť odhadu rizika pri investičnom a finančnom rozhodovaní od daností vedúceho pracovníka. Možnosti minimalizácie rizika. Metódy zisťovania rizika pri investovaní. Výpočet času návratnosti investícií. Priemerný zisk a priemerné investície. Hodnotenie investičných projektov z hľadiska zisku. Investičné portfolio. Matrica strategického portfolia v praxi západných firiem. | ||
| 610 | 2 | 0 | |a investície |
| 610 | 2 | 0 | |a hospodárenie finančné |
| 610 | 2 | 0 | |a riziko |
| 610 | 2 | 0 | |a zisk |
| 610 | 2 | 0 | |a návratnosť investícií |
| 610 | 2 | 0 | |a údaje štatistické |
| 610 | 2 | 0 | |a hospodárstvo trhové |
| 610 | 2 | 0 | |a metódy štatistické |
| 610 | 2 | 0 | |a portfólio |
| 610 | 2 | 0 | |a podnik |
| 100 | 1 | |a Fedotova, M.A. | |